000 00442pam a2200121a 44500
008 230405s2007 xxu||||| |||| 00| 0 eng d
041 _aMAR
100 _aडॉ सौ दीपा दिनेश सावळे
245 _aमराठीकालीन दागदागिने आणि अलंकार
260 _aऔरंगाबाद
_bकैलाश पब्लिकेशन
_c2007
300 _a352
906 _a9367
999 _c299866
_d299866